Možnosti mediácie v samospráve

Konflikty v rámci samospráv. Doterajšia prax s riešením konfliktov v rámci samosprávy. Opora v právnych predpisoch. Piliere a princípy mediácie v samospráve. Skúsenosti s mediáciou na Magistráte hlavného mesta SR Bratislavy.

Na minha lista:
Detalhes bibliográficos
Autor principal: Kutlík, František
Formato: Capítulo de Livro
Idioma:eslovaco
Assuntos:
Tags: Adicionar Tag
Sem tags, seja o primeiro a adicionar uma tag!

MARC

LEADER 00000naa a2200000 4500
001 0236439
005 20171011095156.0
041 0 |a slo 
044 |a SK 
245 1 0 |a Možnosti mediácie v samospráve  |c František Kutlík 
520 |a Konflikty v rámci samospráv. Doterajšia prax s riešením konfliktov v rámci samosprávy. Opora v právnych predpisoch. Piliere a princípy mediácie v samospráve. Skúsenosti s mediáciou na Magistráte hlavného mesta SR Bratislavy. 
610 2 0 |a mediácia 
610 2 0 |a mediátori 
610 2 0 |a samospráva 
610 2 0 |a konflikty 
610 2 0 |a legislatíva 
610 2 0 |a Slovensko 
100 1 |a Kutlík, František